| 000 | 01821nmm a2200421 a 4500 | ||
|---|---|---|---|
| 001 | ocm0002147209 | ||
| 003 | TR-IsHL | ||
| 005 | 20201028181853.0 | ||
| 008 | 190119s2017 tu ara | ||
| 007 | cr cn | ||
| 020 | _a9786054535835 | ||
| 035 |
_a2147209 _b(N$T) |
||
| 050 | 0 | 4 |
_aPJ6233 _b.C67 2017 |
| 090 | 0 | 4 |
_aPJ6233 _b.C67 2017 |
| 245 | 1 | 0 |
_aYabancılara Arapça öğretimi için: Arapça öğretim rehberi (Alan uygulamaları) _h[electronic resource] / _ceditörler Ahmad Nawaf Alruhban, Mutassem Mohammad Hamad ; yazarlar Ahmad Nawaf Alruhban, Usama Mohamad Taher Saharı, Hassan Sayıd Youssef, Hamdo Husein Al Huseın, Raviya Almuhannı, Mohamad Ahmad Alkhalaf, Mohamad Hussein Hamido, Murat Serdar Şadoğlu, Mutassem Mohammad Hamad |
| 250 | _a2. Baskı | ||
| 260 |
_aİstanbul : _bAkdem Yayınları, _c2017 |
||
| 300 | _a328 p. | ||
| 650 | 4 | _aDil ve Edebiyat | |
| 650 | 4 | _aLanguage and Literature | |
| 650 | 0 |
_aArap dili _x Gramer |
|
| 650 | 0 |
_aArabic language _x Grammar |
|
| 650 | 0 |
_aArap dili _x Çalışma ve öğretim |
|
| 650 | 0 |
_aArabic language _x Study and teaching |
|
| 650 | 0 |
_aArap dili _x Yabancılar için ders kitapları _x Türkçe |
|
| 650 | 0 |
_aArabic language _x Textbooks for foreign speakers _x Turkish |
|
| 650 | 7 |
_aLANGUAGE ARTS & DISCIPLINES / Study & Teaching _2bisacsh |
|
| 700 | 1 | _aAlruhban, Ahmad Nawaf | |
| 700 | 1 | _aHamad, Mutassem Mohammad | |
| 700 | 1 | _aSaharı, Usama Mohamad Taher | |
| 700 | 1 | _aSayıd Youssef, Hassan | |
| 700 | 1 | _aAl Huseın, Hamdo Husein | |
| 700 | 1 | _aAlmuhannı, Raviya | |
| 700 | 1 | _aAlkhalaf, Mohamad Ahmad | |
| 700 | 1 | _aHamido, Mohamad Hussein | |
| 700 | 1 | _aŞadoğlu, Murat Serdar | |
| 856 | 4 | 0 | _uhttp://search.ebscohost.com/login.aspx?direct=true&scope=site&db=e011xww&AN=2147209 |
| 999 |
_c19804 _d19804 |
||